000 00334nam a22001337a 4500
020 _a0-340-79633-2
082 _a823
_bBLY/F
100 _aENID BLYTON
245 _aTHE FAMOUS FIVE
_bFIVE GO TO DEMON'S ROCKS
260 _aGREAT BRITAIN
_bHODDER CHILDRENS BOOK
_c2001
300 _a248
650 _aADVENTURE
_zUNITED KINGDOM
942 _cBK
999 _c194
_d194